Distance and development: transport and communication in India (Record no. 412104)

000 -LEADER
fixed length control field 00418cam a22001337a 4500
008 - FIXED-LENGTH DATA ELEMENTS--GENERAL INFORMATION
fixed length control field 180718b1968 xxu||||| |||| 00| 0 eng d
082 ## - DEWEY DECIMAL CLASSIFICATION NUMBER
Classification number Wx54 Ow2
100 ## - MAIN ENTRY--PERSONAL NAME
Personal name Owen, wilfred
245 ## - TITLE STATEMENT
Title Distance and development: transport and communication in India
Statement of responsibility, etc. by Wilfred Owen
260 ## - PUBLICATION, DISTRIBUTION, ETC.
Place of publication, distribution, etc. Washington
Name of publisher, distributor, etc. Brookings
Date of publication, distribution, etc. 1968
300 ## - PHYSICAL DESCRIPTION
Extent xvi, 170p
650 ## - SUBJECT ADDED ENTRY--TOPICAL TERM
Topical term or geographic name entry element Communication and traffic -India.
650 ## - SUBJECT ADDED ENTRY--TOPICAL TERM
Topical term or geographic name entry element Transportation -India
Holdings
Withdrawn status Lost status Damaged status Not for loan Permanent Location Current Location Date acquired Full call number Barcode Date last seen Price effective from Koha item type
        Indian Institute of Public Administration Indian Institute of Public Administration 2009-02-03 Wx54 Ow2 DA1301 2018-07-21 2018-07-21 DA

Powered by Koha